01139nam a22002537a 450000100060000000300080000600500170001400800410003103500190007204000350009104100080012608200270013410000270016124502080018826000930039630000300048950200990051950400340061865000230065270000350067594200130071099900170072395201450074080983BD-RjUL20230605123729.0221218s1999 bg a|||| m||| 00| 0 eng d a(BD-RjUL)80983 aBD-RjULbengcBD-RjULdBD-RjUL aeng 223a621.3678bHAS 1999 aHashem, Md. Abul9635110aStudies of the effects of annealing, partial degassing and light soaking on sputtered a-Si:H films through analysis of infrared and thermal effusion results /cMd. Abul Hashem ;6Supervisor : G. Talukder aRajshahi :bDepartment of Applied Physics and Electronics, University of Rajshahi,c1999 aix, 115 ;bill, ;c29.cm. aThesis (Ph. D.) -- Department of Applied Physics and Electronics, University of Rajshahi, 1999 aReferences : Leaves 103 - 115 aThermography96352 aTalukder, G. Supervisor 96353 2ddccTHE c80983d80983 102ddc40718THESESaRUCLbRUCLcDoc/Thed1999-12-11eController of Exam. R.U.oTHE 621.3678 HAS 1999pD1938r2022-12-18 00:00:00tC-1yTHE